000 00553nam a2200193 a 4500
005 20210223120529.0
008 991125s1980 mx 000 0 spa u
020 _a9682310032
035 _aUPN01000002924
049 _aCG
050 4 _aDT611
_bB4.38
100 1 _aBender, Gerald Jacob,
_d1941-
_941751
245 1 0 _aAngola :
_bmito y realidad de su colonización /
_cpor Gerald J. Bender ; tr. Carmen Bassols Batalla.
260 _aMéxico :
_bSiglo XXI,
_c1980.
300 _a339 p.
440 0 _aHistoria
651 4 _aANGOLA
_91045
905 _aLibro
999 _c2924
_d2924